000 00494nam a2200181Ia 4500
005 20250326123843.0
008 250326s9999 xx 000 0 und d
037 _aTextbook
040 _aFMSL
_beng
_cFMSL
041 _aeng
_2eng
084 _aS(X:51) J3
_qFMSL
100 _aHusband R W
_9736256
245 0 _aPsychology of successful selling
_cHusband R W
260 _aNY
_bNY, Harper & Row
_c1953
300 _a306p
942 _cTB
_hS(X:51) J3
999 _c1271211
_d1271211